宗教改革 Zong jiao gai ge (Record no. 35399)
[ view plain ]
| 000 -LEADER | |
|---|---|
| fixed length control field | 01287nam a2200241 4500 |
| 008 - FIXED-LENGTH DATA ELEMENTS--GENERAL INFORMATION | |
| fixed length control field | 110228s1998 ch ab 000 0 chi |
| 090 ## - LOCALLY ASSIGNED LC-TYPE CALL NUMBER (OCLC); LOCAL CALL NUMBER (OCLC) | |
| Classification number (OCLC) (R) ; Classification number, CALL (RLIN) (NR) | CB53 |
| Local cutter number (OCLC) ; Book number/undivided call number, CALL (RLIN) | D93 |
| -- | 6.1 |
| 100 1# - MAIN ENTRY--PERSONAL NAME | |
| Personal name | 威爾・杜蘭 Durant, Will, |
| Dates associated with a name | 1885-1981 |
| 245 10 - TITLE STATEMENT | |
| Title | 宗教改革 Zong jiao gai ge |
| 246 10 - VARYING FORM OF TITLE | |
| Title proper/short title | The Reformation {ch}/ |
| -- | 威爾・杜蘭 Wei'er Dulan zhu ; 幼獅文化公司編譯 You shi wen hua gong si bian yi |
| 260 ## - PUBLICATION, DISTRIBUTION, ETC. (IMPRINT) | |
| Place of publication, distribution, etc | 臺北市 Taibei shi : |
| Name of publisher, distributor, etc | 幼獅文化事業公司 You shi wen hua shi ye gong si, |
| Date of publication, distribution, etc | c[1998]. |
| 300 ## - PHYSICAL DESCRIPTION | |
| Extent | 4 v. : |
| Other physical details | ill., maps ; |
| Dimensions | 22 cm. |
| 490 1# - SERIES STATEMENT | |
| Series statement | 世界文明史 Shi jie wen ming shi = The story of civilization ; |
| Volume number/sequential designation | 第6卷 di 6 juan |
| 504 ## - BIBLIOGRAPHY, ETC. NOTE | |
| Bibliography, etc | Includes bibliographical references and indexes. |
| 505 0# - FORMATTED CONTENTS NOTE | |
| Formatted contents note | Pt. 1. 從威克利夫到路德 Cong Weikelifu dao Lude -- pt. 2. 宗教改革 Zong jiao gai ge -- pt. 3. 宗教改革之餘響 Zong jiao gai ge zhi yu xiang |
| 650 #4 - SUBJECT ADDED ENTRY--TOPICAL TERM | |
| Topical term or geographic name as entry element | Civilization, Medieval {ch} |
| 650 #4 - SUBJECT ADDED ENTRY--TOPICAL TERM | |
| Topical term or geographic name as entry element | Reformation {ch} |
| 951 ## - EQUIVALENCE OR CROSS-REFERENCE-GEOGRAPHIC NAME/AREA NAME [OBSOLETE] [CAN/MARC only] | |
| General subdivision | 00040117 |
| 700 1# - ADDED ENTRY--PERSONAL NAME | |
| Personal name | 幼獅文化公司編譯 You shi wen hua gong si bian yi |
| 740 02 - ADDED ENTRY--UNCONTROLLED RELATED/ANALYTICAL TITLE | |
| Uncontrolled related/analytical title | 宗教改革 Zong jiao gai ge |
| 740 02 - ADDED ENTRY--UNCONTROLLED RELATED/ANALYTICAL TITLE | |
| Uncontrolled related/analytical title | 宗教改革之餘響 Zong jiao gai ge zhi yu xiang |
| 740 02 - ADDED ENTRY--UNCONTROLLED RELATED/ANALYTICAL TITLE | |
| Uncontrolled related/analytical title | 從威克利夫到路德 Cong Weikelifu dao Lude |
| 951 ## - EQUIVALENCE OR CROSS-REFERENCE-GEOGRAPHIC NAME/AREA NAME [OBSOLETE] [CAN/MARC only] | |
| -- | C-10327 |
| -- | REF-CHCB53/D93/6.1 |
| -- | 110228162513421 |
| -- | 2000-12-21 |
| -- | Ref-CH |
| Withdrawn status | Lost status | Damaged status | Not for loan | Home library | Current library | Shelving location | Date acquired | Accession number | Shelving control number | Total Checkouts | Full call number | Barcode | Date last seen | Price effective from | Koha item type |
|---|---|---|---|---|---|---|---|---|---|---|---|---|---|---|---|
| BSOP Library | BSOP Library | 12/21/2000 | C-10327 | 127 | REF-CHCB53/D93/6.1 | 00040117 | 02/23/2013 | 02/23/2013 | Books |
